[Event "Chigorin Mem Rapid"]
[Site "St Petersburg RUS"]
[Date "2012.10.25"]
[Round "1.1"]
[White "Grachev, Boris"]
[Black "Timofeeva, Ekaterina"]
[Result "1-0"]
[WhiteTitle "GM"]
[BlackTitle "WIM"]
[WhiteElo "2672"]
[BlackElo "2331"]
[WhiteFideId "4129199"]
[BlackFideId "4193172"]
[EventDate "2012.10.25"]

1. c4 d6 2. d4 e5 3. Nf3 e4 4. Ng5 f5 5. Nc3 Be7 6. Nh3 Nf6 7. Bg5 c6 8. e3 Na6
9. Nf4 Nc7 10. f3 exf3 11. gxf3 Nd7 12. Bxe7 Qxe7 13. Qd2 Nf6 14. O-O-O Bd7 15.
Rg1 O-O-O 16. Re1 g6 17. Bd3 d5 18. c5 Ne6 19. b4 Rde8 20. Nh3 Qd8 21. Nf2 Qc7
22. f4 Ne4 23. Bxe4 dxe4 24. Nfd1 Nd8 25. d5 cxd5 26. Nxd5 Qc6 27. N1c3 Be6 28.
Rd1 Kb8 29. Nf6 Re7 30. Qd4 Nf7 31. b5 Qc8 32. Kb2 Rc7 33. Na4 Rd8 34. Qb4 Rxd1
35. Rxd1 Qh8 36. Qc3 b6 37. c6 Re7 38. Qd4 Kc7 39. Nc3 Kc8 40. a4 Kb8 41. a5
bxa5 42. Nd7+ Bxd7 43. Qxh8+ Nxh8 44. cxd7 1-0

[Event "Chigorin Mem Rapid"]
[Site "St Petersburg RUS"]
[Date "2012.10.25"]
[Round "1.3"]
[White "Zvjaginsev, Vadim"]
[Black "Duzhakov, Ilya"]
[Result "1/2-1/2"]
[WhiteTitle "GM"]
[BlackTitle "FM"]
[WhiteElo "2678"]
[BlackElo "2330"]
[WhiteFideId "4113403"]
[BlackFideId "4192516"]
[EventDate "2012.10.25"]

1. c4 e5 2. g3 Nf6 3. Bg2 d5 4. cxd5 Nxd5 5. Nc3 Nb6 6. e3 Be7 7. Nge2 O-O 8.
O-O N8d7 9. f4 f5 10. b3 c6 11. Bb2 Bf6 12. d4 exd4 13. Nxd4 Nc5 14. Kh1 Ne6 15.
Ba3 Re8 16. Nde2 Nc7 17. e4 fxe4 18. Qxd8 Rxd8 19. Rae1 e3 20. Ne4 Nbd5 21.
Nxf6+ Nxf6 22. f5 Rd2 23. Bc1 Rxa2 24. Bxe3 Ncd5 25. Bg1 Bd7 26. Nc1 Rd2 27. h3
h5 28. Re5 a5 29. Re2 Rxe2 30. Nxe2 a4 31. bxa4 Rxa4 32. Nd4 Ra3 33. Bf3 Ne3 34.
Bxe3 Rxe3 35. g4 hxg4 36. hxg4 c5 37. Ne6 Rxf3 38. Rxf3 Bc6 39. Kg2 c4 40. Nd4
Bxf3+ 41. Kxf3 c3 42. Nc2 b5 43. g5 Nd5 44. Ke4 b4 45. Na1 Ne7 46. f6 gxf6 47.
gxf6 Nc6 48. Nb3 Kf7 49. Kd5 Nb8 50. Kc5 Ke8 1/2-1/2

[Event "Chigorin Mem Rapid"]
[Site "St Petersburg RUS"]
[Date "2012.10.25"]
[Round "1.6"]
[White "Lugovskoy, Maxim"]
[Black "Iordachescu, Viorel"]
[Result "0-1"]
[WhiteTitle "FM"]
[BlackTitle "GM"]
[WhiteElo "2372"]
[BlackElo "2637"]
[WhiteFideId "24126454"]
[BlackFideId "13900200"]
[EventDate "2012.10.25"]

1. e4 g6 2. d4 Bg7 3. Nc3 c6 4. Nf3 d6 5. a4 Nf6 6. Be2 O-O 7. O-O Na6 8. e5 Ne8
9. Bf4 Nac7 10. exd6 Nxd6 11. Qd2 Bg4 12. Rad1 Ne6 13. Be5 Bxf3 14. Bxf3 Nc4 15.
Qe2 Nxe5 16. dxe5 Qb6 17. Qe3 Qxe3 18. fxe3 Bxe5 19. a5 Bxc3 20. bxc3 Nc5 21. a6
Nxa6 22. Rd7 Nc5 23. Rxe7 Rae8 24. Rc7 Rxe3 25. Ra1 a6 26. h4 Rxc3 27. h5 Kg7
28. Re1 a5 0-1

[Event "Chigorin Mem Rapid"]
[Site "St Petersburg RUS"]
[Date "2012.10.25"]
[Round "1.7"]
[White "Bartel, Mateusz"]
[Black "Buchenau, Frank"]
[Result "1-0"]
[WhiteTitle "GM"]
[BlackTitle "FM"]
[WhiteElo "2635"]
[BlackElo "2324"]
[WhiteFideId "1112635"]
[BlackFideId "4604350"]
[EventDate "2012.10.25"]

1. e4 e6 2. d4 d5 3. Nc3 Nf6 4. Bg5 Bb4 5. e5 h6 6. Be3 Ne4 7. Ne2 c5 8. dxc5
O-O 9. a3 Bxc5 10. Bxc5 Nxc5 11. f4 Nc6 12. b4 Nd7 13. g3 f6 14. Bh3 Nb6 15.
exf6 Qxf6 16. O-O Bd7 17. Qd3 Rad8 18. Nb5 e5 19. fxe5 Qxe5 20. Bxd7 Nxd7 21.
Nf4 a6 22. Rae1 Rxf4 23. gxf4 Qh5 24. Nd6 Nf6 25. Nxb7 Rf8 26. Nc5 Qg4+ 27. Kh1
Kh8 28. Ne6 Re8 29. Rg1 Qh4 30. Qg3 Qxg3 31. hxg3 Ne4 32. Nc7 Rc8 33. Nxd5 1-0

[Event "Chigorin Mem Rapid"]
[Site "St Petersburg RUS"]
[Date "2012.10.25"]
[Round "1.9"]
[White "Socko, Bartosz"]
[Black "Leontiev, Aleksandr V."]
[Result "1-0"]
[WhiteTitle "GM"]
[BlackTitle "IM"]
[WhiteElo "2619"]
[BlackElo "2321"]
[WhiteFideId "1107038"]
[BlackFideId "4122968"]
[EventDate "2012.10.25"]

1. d4 Nf6 2. c4 g6 3. Nc3 d5 4. Nf3 Bg7 5. Bf4 O-O 6. Rc1 c5 7. dxc5 Qa5 8. cxd5
Na6 9. e3 Nxc5 10. Be2 Rd8 11. O-O Ne6 12. b4 Qxb4 13. Be5 Qa5 14. e4 Bh6 15.
Nb5 Nxe4 16. Qc2 N6c5 17. Bc7 Qb4 18. Bxd8 Bxc1 19. Rxc1 Bf5 20. Bxe7 Rc8 21.
Nbd4 Nb3 22. Qxc8+ Bxc8 23. Rxc8+ 1-0

[Event "Chigorin Mem Rapid"]
[Site "St Petersburg RUS"]
[Date "2012.10.25"]
[Round "1.10"]
[White "Bazeev, German"]
[Black "Khismatullin, Denis"]
[Result "0-1"]
[BlackTitle "GM"]
[WhiteElo "2319"]
[BlackElo "2638"]
[WhiteFideId "24119350"]
[BlackFideId "4142578"]
[EventDate "2012.10.25"]

1. d4 Nf6 2. Nf3 e6 3. c4 d5 4. g3 dxc4 5. Bg2 Nc6 6. Qa4 Bb4+ 7. Bd2 Bd6 8.
Qxc4 O-O 9. Bc3 Bd7 10. O-O Qe7 11. Nbd2 Nd5 12. e4 Nxc3 13. bxc3 e5 14. Nh4 g6
15. Kh1 Rad8 16. f4 b5 17. Qd3 Be8 18. fxe5 Bxe5 19. Qc2 Bg7 20. e5 b4 21. Nb3
bxc3 22. Qxc3 Nb4 23. Rfc1 Nd5 24. Qc5 Qe6 25. Qxa7 Bh6 26. Nc5 Qe7 27. Re1 Ne3
28. Nb7 Nxg2 29. Nxg2 Rd5 30. Rad1 Bc6 31. Qa6 Qe6 32. Kg1 Rb5 33. Na5 Rb6 34.
Qc4 Bd5 35. Qc3 Ra8 36. Re2 Rba6 37. Nb3 Rxa2 38. Nc5 Rxe2 39. Nxe6 Rxg2+ 40.
Kf1 fxe6 41. Ra1 Rf8+ 0-1

[Event "Chigorin Mem Rapid"]
[Site "St Petersburg RUS"]
[Date "2012.10.25"]
[Round "1.11"]
[White "Romanov, Evgeny"]
[Black "Bajarani, Ilgar"]
[Result "1-0"]
[WhiteTitle "GM"]
[BlackTitle "IM"]
[WhiteElo "2611"]
[BlackElo "2313"]
[WhiteFideId "4148843"]
[BlackFideId "13400223"]
[EventDate "2012.10.25"]

1. Nf3 d5 2. d4 Nf6 3. c4 e6 4. Nc3 Bb4 5. Bg5 Nbd7 6. e3 c5 7. cxd5 exd5 8. Be2
Qa5 9. O-O Bxc3 10. bxc3 Ne4 11. c4 dxc4 12. Bxc4 Nb6 13. Qc2 Bf5 14. Bd3 Nxg5
15. Nxg5 Bxd3 16. Qxd3 cxd4 17. Qe4+ Kf8 18. Qf4 f6 19. Qd6+ Ke8 20. Qf4 1-0

[Event "Chigorin Mem Rapid"]
[Site "St Petersburg RUS"]
[Date "2012.10.25"]
[Round "1.12"]
[White "Polyaninov, Aleksey"]
[Black "Popov, Ivan RUS"]
[Result "1-0"]
[BlackTitle "GM"]
[WhiteElo "2313"]
[BlackElo "2614"]
[WhiteFideId "4118499"]
[BlackFideId "4170350"]
[EventDate "2012.10.25"]

1. Nf3 c5 2. g3 g6 3. Bg2 Bg7 4. O-O Nc6 5. c3 e5 6. e4 Nge7 7. a3 O-O 8. b4 d6
9. d3 h6 10. Nbd2 Be6 11. Rb1 b6 12. Bb2 f5 13. Re1 Qd7 14. bxc5 dxc5 15. d4
fxe4 16. Nxe5 Nxe5 17. dxe5 Nc6 18. Bxe4 Rad8 19. Nf1 Qf7 20. Qc2 Bb3 21. Qe2
Nxe5 22. Ne3 c4 23. Ba1 Nf3+ 24. Bxf3 Qxf3 25. Qxf3 Rxf3 26. Re2 Rf7 27. Nc2
Bxc2 28. Rxc2 Rfd7 29. Kg2 Rd1 30. Rxd1 Rxd1 31. Bb2 Rd3 32. a4 Kf7 33. Kf1 g5
34. h3 h5 35. Ke2 Ke6 36. Rd2 Bxc3 37. Bxc3 Rxc3 38. Rd8 Ra3 39. Rg8 Kf6 40.
Rf8+ Kg7 41. Rc8 Rxa4 42. Ke3 b5 43. Rc5 Ra3+ 44. Ke4 Rb3 45. Rxg5+ Kh6 46. Rc5
a5 47. f4 a4 48. g4 hxg4 49. hxg4 a3 50. Kf5 a2 51. Rc7 1-0

[Event "Chigorin Mem Rapid"]
[Site "St Petersburg RUS"]
[Date "2012.10.25"]
[Round "2.3"]
[White "Demuth, Adrien"]
[Black "Lysyj, Igor"]
[Result "1/2-1/2"]
[WhiteTitle "IM"]
[BlackTitle "GM"]
[WhiteElo "2479"]
[BlackElo "2628"]
[WhiteFideId "642274"]
[BlackFideId "4150120"]
[EventDate "2012.10.25"]

1. d4 Nf6 2. c4 e6 3. Nf3 d5 4. Nc3 c5 5. cxd5 cxd4 6. Qxd4 exd5 7. e4 Nc6 8.
Bb5 dxe4 9. Qxd8+ Kxd8 10. Ng5 Be6 11. Nxe6+ fxe6 12. Bg5 Bb4 13. O-O-O+ Kc7 14.
Bxf6 gxf6 15. Nxe4 f5 16. Ng5 Rae8 17. Bxc6 bxc6 18. f4 e5 19. Nf7 Rhg8 20. Nxe5
Bd6 21. g3 Bxe5 22. fxe5 Rxe5 23. Rhf1 h5 24. Rf4 Rg4 25. Rdf1 Re2 26. R4f2 Rxf2
27. Rxf2 h4 28. Rxf5 hxg3 29. hxg3 Rxg3 1/2-1/2

[Event "Chigorin Mem Rapid"]
[Site "St Petersburg RUS"]
[Date "2012.10.25"]
[Round "2.7"]
[White "Bodnaruk, Anastasia"]
[Black "Socko, Bartosz"]
[Result "0-1"]
[WhiteTitle "IM"]
[BlackTitle "GM"]
[WhiteElo "2425"]
[BlackElo "2619"]
[WhiteFideId "4181751"]
[BlackFideId "1107038"]
[EventDate "2012.10.25"]

1. e4 c5 2. Nf3 d6 3. d4 cxd4 4. Nxd4 Nf6 5. Nc3 g6 6. Be3 Bg7 7. f3 O-O 8. Bc4
Nc6 9. Qd2 Nxd4 10. Bxd4 Be6 11. Bb3 Rc8 12. h4 Qa5 13. Bxe6 fxe6 14. O-O-O Nh5
15. Kb1 Rc4 16. Bxg7 Kxg7 17. Ne2 Qxd2 18. Rxd2 Nf4 19. Nxf4 Rxf4 20. Rd3 e5 21.
b3 Rc8 22. g4 h5 23. g5 b5 24. c3 Kf7 25. Kc2 Ke6 26. Kd2 Kd7 27. Ke3 Rc5 28.
Kf2 Rf8 29. Rc1 a5 30. Kg3 Ke6 31. Re1 Kd7 32. Re2 Rfc8 33. Ree3 Ke6 34. Kh3 b4
35. c4 a4 36. Re2 axb3 37. axb3 Ra8 38. Red2 Ra3 39. Kg2 Rca5 40. Kg3 Ra1 41.
Rd1 Rxd1 42. Rxd1 Ra2 43. Rd3 Rc2 44. Re3 Rd2 45. Re1 Rd3 46. Rb1 Kd7 47. Kf2
Rc3 48. Rb2 Kc6 49. Ke2 Rc1 50. Ke3 Rh1 51. Kd3 Rxh4 52. Ra2 Rh1 53. Ra8 h4 54.
Ke2 Kc5 55. Rg8 Rb1 56. Kf2 Rb2+ 57. Kg1 Rxb3 58. Kg2 Rb2+ 59. Kh3 b3 0-1

[Event "Chigorin Mem Rapid"]
[Site "St Petersburg RUS"]
[Date "2012.10.25"]
[Round "2.8"]
[White "Khismatullin, Denis"]
[Black "Mammadov, Zaur"]
[Result "1-0"]
[WhiteTitle "GM"]
[BlackTitle "IM"]
[WhiteElo "2638"]
[BlackElo "2442"]
[WhiteFideId "4142578"]
[BlackFideId "13401033"]
[EventDate "2012.10.25"]

1. d4 d5 2. c4 c6 3. Nc3 Nf6 4. e3 g6 5. Nf3 Bg7 6. Bd3 O-O 7. O-O dxc4 8. Bxc4
Nbd7 9. Bb3 a6 10. a4 Qa5 11. Bd2 Qh5 12. Qc2 c5 13. Rfe1 cxd4 14. exd4 e6 15.
a5 b6 16. d5 exd5 17. Ne2 d4 18. Bb4 d3 19. Qc6 Nc5 20. Ng3 Qg4 21. Bxc5 Bd7 22.
Qxb6 Rfb8 23. Bxf7+ Kxf7 24. Ne5+ Kg8 25. Nxg4 Rxb6 26. axb6 Nxg4 27. Rxa6 Rb8
28. Rd1 Bxb2 29. Ra2 Be5 30. Rxd3 Bc6 31. h3 Nh6 32. Bd6 Bxd6 33. Rxd6 Rxb6 34.
Rc2 Rb1+ 35. Kh2 Ba4 36. Rc7 Nf7 37. Ra6 Rb4 38. f3 Bb3 39. Ne4 Kg7 40. Raa7 Rb6
41. Ng5 Rf6 42. Kg3 h6 43. Nxf7 Bxf7 44. h4 Rf5 45. f4 Rf6 46. Kg4 h5+ 47. Kf3
Rf5 48. Ke4 Kg8 49. Rxf7 Rxf7 50. Rxf7 Kxf7 51. Ke5 Kg7 52. Ke6 Kh7 53. Kf7 Kh6
54. Kg8 1-0

[Event "Chigorin Mem Rapid"]
[Site "St Petersburg RUS"]
[Date "2012.10.25"]
[Round "2.9"]
[White "Baryshpolets, Andrey"]
[Black "Romanov, Evgeny"]
[Result "1/2-1/2"]
[WhiteTitle "IM"]
[BlackTitle "GM"]
[WhiteElo "2510"]
[BlackElo "2611"]
[WhiteFideId "14117207"]
[BlackFideId "4148843"]
[EventDate "2012.10.25"]

1. d4 d5 2. c4 dxc4 3. Nf3 Nf6 4. e3 b5 5. a4 b4 6. Bxc4 e6 7. O-O Be7 8. Nbd2
O-O 9. e4 Bb7 10. e5 Nd5 11. a5 c5 12. dxc5 Ba6 13. Qe2 Bxc4 14. Qxc4 Nd7 15.
Nb3 Qc7 16. Be3 Nxe3 17. fxe3 Bxc5 18. Qe4 Rac8 19. Rad1 Be7 20. Rc1 Qb8 21.
Rfd1 Rxc1 22. Rxc1 h6 23. Rd1 Rd8 24. h3 Nc5 25. Rxd8+ Qxd8 26. Nxc5 Bxc5 27. a6
Qb6 28. Qa8+ Kh7 29. Qe4+ g6 30. Qb7 Bxe3+ 31. Kf1 Kg7 32. Qxb6 Bxb6 33. Ke2 f5
34. exf6+ Kxf6 35. g4 Ke7 36. Kd3 Kd6 37. Ke4 Bd8 38. b3 Bf6 39. Ne1 Kc5 40.
Nd3+ Kb5 41. Nf4 Kxa6 42. Nxg6 Kb5 43. Nf8 a5 44. Nxe6 a4 45. bxa4+ Kxa4 46.
Nc5+ Ka3 47. Kd5 Be7 48. Nd3 b3 49. Kc4 Bf6 50. Kd5 Bd8 51. Kc4 Bg5 52. Kc3 Bf6+
53. Kc4 b2 54. Nxb2 Kxb2 55. Kd3 Kb3 56. Ke4 Kc4 57. Kf5 Bg5 58. Kg6 1/2-1/2

[Event "Chigorin Mem Rapid"]
[Site "St Petersburg RUS"]
[Date "2012.10.25"]
[Round "2.12"]
[White "Shimanov, Aleksandr"]
[Black "Mishuchkov, Nikolai M."]
[Result "1-0"]
[WhiteTitle "GM"]
[BlackTitle "IM"]
[WhiteElo "2599"]
[BlackElo "2393"]
[WhiteFideId "4198603"]
[BlackFideId "4102401"]
[EventDate "2012.10.25"]

1. d4 Nf6 2. c4 e6 3. Nf3 Bb4+ 4. Nbd2 O-O 5. a3 Be7 6. e4 d5 7. e5 Nfd7 8. Bd3
c5 9. h4 h6 10. Bb1 dxc4 11. Qc2 f5 12. exf6 Nxf6 13. dxc5 Nc6 14. Nxc4 Bxc5 15.
Bxh6 Nd4 16. Nxd4 Bxd4 17. Be3 e5 18. h5 e4 19. Ba2 Bxe3 20. Nxe3+ Kh8 21. h6
Qa5+ 22. b4 Qe5 23. hxg7+ Kxg7 24. Rd1 Be6 25. Bxe6 Qxe6 26. Qc7+ Qf7 27. Qg3+
Qg6 28. Nf5+ Kf7 29. Qc7+ 1-0

[Event "Chigorin Mem Rapid"]
[Site "St Petersburg RUS"]
[Date "2012.10.25"]
[Round "3.1"]
[White "Grachev, Boris"]
[Black "Anisimov, Pavel2"]
[Result "1-0"]
[WhiteTitle "GM"]
[BlackTitle "IM"]
[WhiteElo "2672"]
[BlackElo "2541"]
[WhiteFideId "4129199"]
[BlackFideId "4135229"]
[EventDate "2012.10.25"]

1. c4 e5 2. Nc3 d6 3. g3 Nc6 4. Bg2 g6 5. e3 Bg7 6. Nge2 f5 7. d3 Nf6 8. Rb1 a5
9. a3 O-O 10. b4 axb4 11. axb4 Ne7 12. O-O c6 13. b5 Be6 14. Bb2 h6 15. Ra1 Qc7
16. Qb3 Kh7 17. Rfc1 g5 18. Qd1 c5 19. Na4 Ng6 20. b6 Qf7 21. Nec3 f4 22. Nb5
Rad8 23. Nc7 Bc8 24. Nc3 Ng4 25. Bd5 Qe7 26. Ne4 fxe3 27. f3 Nf2 28. Qe2 g4 29.
Nxf2 exf2+ 30. Qxf2 gxf3 31. Be4 Bf5 32. Qxf3 Qg5 33. Re1 Nh4 34. Qe3 Qg6 35.
Rf1 Bxe4 36. dxe4 Qg4 37. Kh1 Nf3 38. Rf2 Nd4 39. Raf1 Rxf2 40. Rxf2 Rf8 41.
Rxf8 Bxf8 42. Bxd4 cxd4 43. Qd3 h5 44. Nd5 Bg7 45. Kg2 h4 46. Qf3 h3+ 47. Kf2
Qg5 48. Ke2 Bh6 49. Qf7+ Kh8 50. Qf6+ Kh7 51. Qxg5 Bxg5 52. Nb4 Be3 53. Nd3 Bg1
54. Kf3 Kg6 55. Kg4 Bxh2 56. Kxh3 Bg1 57. Kg4 Be3 58. Kf3 Bd2 59. c5 dxc5 60.
Nxe5+ Kg5 61. Nc4 Be1 62. e5 Kf5 63. g4+ Ke6 64. Ke4 Bh4 65. Nb2 Be7 66. Nd3 Bf8
67. Nf4+ Kd7 68. Kd5 Bh6 69. Ne6 1-0

[Event "Chigorin Mem Rapid"]
[Site "St Petersburg RUS"]
[Date "2012.10.25"]
[Round "3.5"]
[White "Stupak, Kirill"]
[Black "Khismatullin, Denis"]
[Result "0-1"]
[WhiteTitle "GM"]
[BlackTitle "GM"]
[WhiteElo "2520"]
[BlackElo "2638"]
[WhiteFideId "13503758"]
[BlackFideId "4142578"]
[EventDate "2012.10.25"]

1. d4 e6 2. g3 c5 3. Nf3 cxd4 4. Nxd4 Nf6 5. Bg2 Qc7 6. O-O a6 7. b3 d5 8. Bb2
e5 9. Nf3 Nc6 10. Nbd2 Be7 11. e3 O-O 12. c4 Rd8 13. cxd5 Nxd5 14. Rc1 f6 15. a3
Be6 16. Qe2 Rac8 17. Ne4 Bf8 18. Rfd1 Nb6 19. Nfd2 Qf7 20. b4 Na4 21. Ba1 Na7
22. Nc3 Nb6 23. Nce4 Nb5 24. Nc5 Bd5 25. Nde4 Nxa3 26. Bh3 f5 27. Ng5 Qg6 28. e4
Bc4 29. Qe3 Nc2 30. exf5 Rxd1+ 31. Rxd1 Nxe3 32. fxg6 Nxd1 33. gxh7+ Kh8 34.
Bxc8 Nxc8 35. Nd7 Be7 36. h4 Bxg5 37. hxg5 Kxh7 38. Nxe5 Be2 39. f4 Nd6 40. g6+
Kg8 41. g4 Nc4 42. Nxc4 Bxc4 43. Bd4 Be2 44. g5 Bd3 45. Kg2 Bxg6 46. Kf3 Bf5 47.
Ke2 Bg4+ 48. Kd3 g6 49. Ke4 Kf7 50. Kd5 Ke7 51. Bf6+ Kd7 52. Bd4 Bf5 0-1

[Event "Chigorin Mem Rapid"]
[Site "St Petersburg RUS"]
[Date "2012.10.25"]
[Round "3.8"]
[White "Savchenko, Boris"]
[Black "Ajrapetjan, Yuriy"]
[Result "1/2-1/2"]
[WhiteTitle "GM"]
[BlackTitle "GM"]
[WhiteElo "2540"]
[BlackElo "2502"]
[WhiteFideId "4147332"]
[BlackFideId "14109069"]
[EventDate "2012.10.25"]

1. e4 g6 2. d4 Bg7 3. c4 d6 4. Nc3 Nf6 5. Be2 O-O 6. Nf3 Bg4 7. h3 Bxf3 8. Bxf3
Nc6 9. d5 Ne5 10. Be2 c6 11. Be3 cxd5 12. exd5 Rc8 13. Qb3 Qa5 14. O-O Nfd7 15.
Qxb7 Rb8 16. Qxa7 Qxa7 17. Bxa7 Rxb2 18. Rab1 Nxc4 19. Bxc4 Bxc3 20. Rxb2 Bxb2
21. Rb1 Ra8 22. Be3 Ne5 23. Bb3 Ba3 24. Bh6 Bc5 25. Kf1 f6 26. Bd2 Nd3 27. f4
Bb4 28. Be3 Bc5 29. Bd2 Bb4 30. Bc1 Ba3 31. Be3 Bc5 32. Ke2 Bxe3 33. Kxe3 Nc5
34. Kd4 Kf7 35. Rb2 Ke8 36. Bc2 Ra3 37. Kc4 Kd7 38. Bb3 Ra8 39. g4 Ra5 40. Rd2
Ne4 41. Re2 Nc5 42. Bc2 Ra3 43. Bb3 Ra5 44. Rd2 Ra8 45. Bd1 Ra3 46. h4 Rh3 47.
h5 gxh5 48. gxh5 Rh4 49. Rd4 Rh2 50. a4 Ra2 51. h6 Rh2 52. Kb5 Rb2+ 53. Rb4 Rd2
54. Bg4+ Kc7 55. Bf3 Rd3 56. Be4 Nxe4 57. Rxe4 Rxd5+ 58. Ka6 e5 59. Rb4 Rd4 60.
Rb7+ Kc6 61. a5 exf4 62. Rxh7 f3 63. Rf7 Rf4 64. h7 Rh4 65. Rxf6 Rxh7 66. Rxf3
Kc5 67. Rc3+ Kb4 68. Rd3 Kc5 69. Rc3+ Kb4 70. Rc1 d5 71. Rb1+ Kc3 72. Rb7 Rxb7 1/2-1/2

[Event "Chigorin Mem Rapid"]
[Site "St Petersburg RUS"]
[Date "2012.10.25"]
[Round "3.10"]
[White "Golovin, Leonid"]
[Black "Vorobiov, Evgeny E."]
[Result "1/2-1/2"]
[BlackTitle "GM"]
[WhiteElo "2475"]
[BlackElo "2598"]
[WhiteFideId "4113381"]
[BlackFideId "4121341"]
[EventDate "2012.10.25"]

1. Nf3 c5 2. e4 Nc6 3. d3 e6 4. g3 d5 5. Nbd2 Nf6 6. Bg2 g6 7. O-O Bg7 8. c3 O-O
9. e5 Nd7 10. d4 b5 11. Re1 b4 12. Nf1 bxc3 13. bxc3 Ba6 14. Ne3 Rb8 15. Ng4 h5
16. Bg5 hxg4 17. Bxd8 gxf3 18. Bc7 Rbc8 19. Qa4 Rxc7 20. Qxa6 fxg2 21. Red1 cxd4
22. cxd4 Nb6 23. Rab1 Nb8 24. Qb5 Rfc8 25. Kxg2 Bf8 26. h4 Nc4 27. Qa4 Nd7 28.
Rb3 Ndb6 29. Qa6 Bh6 30. h5 gxh5 31. Rh1 Nd2 32. Rd3 Ne4 33. Rxh5 Bg7 34. Rf3
Nd7 35. Rh4 Nf8 36. Rg4 Rb8 37. Qe2 Rb4 38. Qe3 Ng6 39. Rxe4 dxe4 40. Qxe4 Rd7
41. Rd3 Rd5 42. f4 Ne7 43. a3 Rc4 44. Rb3 Rcxd4 45. Rb8+ Bf8 46. Qf3 Ng6 47. Rb3
Rxf4 48. Qxd5 exd5 49. gxf4 Nxf4+ 50. Kf3 Ne6 51. Rb7 Bxa3 52. Rxa7 Bb4 53. Rd7
d4 54. Kg4 Kg7 55. Kf5 Bc3 56. Rd5 Nf8 57. Rd6 Ne6 58. Rd5 Kf8 59. Kf6 Nc7 60.
Rd7 Ne8+ 61. Kf5 Ng7+ 62. Kf6 Nh5+ 63. Kg5 Ke8 64. Rc7 Ng3 65. Kg4 Ne4 66. Kf3
d3 67. Rc8+ Ke7 68. Rb8 d2 69. Rb1 Nc5 70. Ke2 Ke6 71. Rf1 Ne4 72. Rf4 Ng3+ 73.
Kd1 Nf5 74. Rf3 Bxe5 75. Kxd2 Nd4 76. Rh3 f5 77. Kd3 Kd5 78. Rh7 Ne6 79. Rd7+
Bd6 80. Ke3 Ke5 81. Kf3 Ng5+ 82. Ke2 f4 83. Rd8 f3+ 84. Kd3 Bc5 85. Rc8 Bg1 86.
Rf8 Bc5 87. Rc8 Bd6 88. Ke3 Kf5 89. Rc4 Be5 90. Ra4 Bh2 91. Ra5+ Be5 92. Ra4 Ke6
93. Rg4 1/2-1/2

[Event "Chigorin Mem Rapid"]
[Site "St Petersburg RUS"]
[Date "2012.10.25"]
[Round "3.12"]
[White "Vlasenko, Miroslav"]
[Black "Grigoryan, Avetik"]
[Result "0-1"]
[WhiteTitle "IM"]
[BlackTitle "GM"]
[WhiteElo "2400"]
[BlackElo "2572"]
[WhiteFideId "4151887"]
[BlackFideId "13302191"]
[EventDate "2012.10.25"]

1. d4 d5 2. Nf3 Nf6 3. e3 Bg4 4. c4 c6 5. Qb3 Qb6 6. c5 Qc7 7. Nbd2 Nbd7 8. h3
Bh5 9. Qc3 Bxf3 10. Nxf3 e5 11. Be2 Ne4 12. Qc2 exd4 13. exd4 Be7 14. O-O O-O
15. b4 f5 16. Bb2 Bf6 17. b5 Rae8 18. a4 g5 19. Nh2 Nb8 20. a5 Qg7 21. Bh5 Re7
22. Rad1 a6 23. bxa6 Nxa6 24. Ba1 Nc7 25. a6 bxa6 26. Qa4 Re6 27. Bf3 Nb5 28.
Bxe4 fxe4 29. Ng4 h5 30. Nxf6+ Rexf6 31. Qxa6 g4 32. h4 Qf7 33. Kh2 g3+ 34. fxg3
Rxf1 35. Rxf1 Qxf1 36. Qxc6 Qf5 37. Qxb5 e3 38. Bc3 Qe4 39. Be1 Qxd4 40. c6 Qc4
41. Qb7 d4 42. Bb4 Rf7 43. Qb8+ Kh7 44. Bd6 Qxc6 45. Be5 Rf2 46. Qh8+ Kg6 47.
Qg7+ Kf5 48. g4+ hxg4 49. Qg5+ Ke6 50. Qg6+ Kd5 51. Qxc6+ Kxc6 52. Bxd4 Re2 53.
h5 Re1 54. h6 e2 55. Bc3 Rc1 56. h7 Rxc3 57. h8=Q e1=Q 58. Qc8+ Kd5 59. Qd7+ Kc4
60. Qxg4+ Kb3 61. Qg8+ Kb2 62. Qg5 Qe2 63. Qf5 Qe3 64. Qg6 Qf4+ 65. g3 Qf1 66.
Qg7 Kc2 67. Qh7+ Rd3 68. Qc7+ Kd1 0-1

[Event "Chigorin Mem Rapid"]
[Site "St Petersburg RUS"]
[Date "2012.10.25"]
[Round "4.2"]
[White "Grigoryan, Avetik"]
[Black "Socko, Bartosz"]
[Result "1-0"]
[WhiteTitle "GM"]
[BlackTitle "GM"]
[WhiteElo "2572"]
[BlackElo "2619"]
[WhiteFideId "13302191"]
[BlackFideId "1107038"]
[EventDate "2012.10.25"]

1. d4 d5 2. c4 e6 3. Nf3 Nf6 4. g3 dxc4 5. Bg2 Bd7 6. Ne5 Bc6 7. Nxc6 Nxc6 8.
Qa4 Qd7 9. Bxc6 Qxc6 10. Qxc6+ bxc6 11. Nd2 O-O-O 12. e3 c5 13. dxc5 c3 14. bxc3
Bxc5 15. Nb3 Be7 16. Bb2 Ne4 17. Ke2 Bf6 18. Rac1 Rd5 19. Rc2 Rh5 20. c4 Bxb2
21. Rxb2 Rd8 22. Rc2 g5 23. Kf3 Nf6 24. Kg2 g4 25. h3 gxh3+ 26. Rxh3 Rxh3 27.
Kxh3 Rd1 28. Rd2 Ne4 29. Rc2 f5 30. Kg2 Kd7 31. c5 e5 32. c6+ Kd6 33. Na5 Rd5
34. Nc4+ Ke6 35. f3 Nf6 36. Nd2 Rd6 37. Nb3 Nd5 38. Kf2 Nb4 39. Rc4 Nxc6 40. Rh4
h5 41. Ke2 Ne7 42. Rxh5 Rc6 43. Kd3 Rd6+ 44. Kc4 Rd1 45. Nc5+ Kf6 46. Nd3 Ng6
47. g4 fxg4 48. fxg4 Rg1 49. Rf5+ Ke6 50. Rg5 Kf6 51. Rf5+ Ke6 52. Nc5+ Ke7 53.
Rg5 Kf7 54. Rf5+ Ke7 55. Rg5 Kf7 56. Kd5 Rd1+ 57. Ke4 Ra1 58. a4 Rc1 59. Rf5+
Ke7 60. Kd5 a5 61. Rg5 Kf7 62. Rf5+ Ke7 63. g5 Rd1+ 64. Kc6 Rc1 65. Kd5 Rd1+ 66.
Kc6 Rc1 67. Kb5 Rc3 68. Rf6 Nf8 69. e4 Rg3 70. Rc6 Kd8 71. Rf6 Nd7 72. Nxd7 Kxd7
73. g6 Rg4 74. Rf7+ Ke6 75. Rxc7 Rxe4 76. Kxa5 Rg4 77. Kb5 e4 78. a5 e3 79. a6
e2 80. Rc1 Rg5+ 81. Kb6 Rxg6 82. a7 Kd5+ 83. Ka5 Rg8 84. Re1 Kc6 85. Ka6 Kc7 86.
Rc1+ Kd6 87. Kb7 Rg7+ 88. Kb6 Rg8 89. Ra1 Rf8 90. Re1 Re8 91. Kb7 Re7+ 92. Ka6
Re8 93. Kb6 Kd5 94. Rxe2 Rxe2 95. a8=Q+ Kd4 96. Qh8+ Kc4 97. Qh4+ Kd3 98. Qh3+
Re3 99. Qf5+ Kd4 100. Qf4+ Re4 101. Qd2+ Kc4 102. Qd6 Rd4 103. Qe6+ Kd3 104. Kc5
Rf4 105. Qg6+ Ke3 106. Kd5 Rb4 107. Qg3+ Kd2 108. Kc5 Re4 109. Qf3 Ra4 110. Kd5
Ra5+ 111. Kc4 Ra6 112. Qf2+ Kd1 113. Kb3 Re6 114. Qf3+ Re2 115. Kc3 Ke1 116. Qg4
Kf2 117. Kd3 Re3+ 118. Kd2 Rf3 119. Qh4+ Kf1 120. Qh1+ Kf2 121. Qh2+ Kf1 122.
Qe2+ 1-0